000
00296nam a2200121Ia 4500
008
220204s9999 xx 000 0 und d
082
_a
338.26
_b
MIN
100
_a
MINHAS, B S
245
0
_a
Planning and the poor
260
_a
New Delhi
_b
S Chand
_c
1978
650
_a
Economic planning
942
_c
BK
999
_c
28332
_d
28332